Avances en la implementacin̤ del juicio penal acusatorio

Bibliographic Details
Main Author: Borrego Estrada, Felipe
Format: eBook
Language:Spanish
Published: Ciudad de Mx̌ico: Cm̀ara de Diputados, 2012
Subjects:
Online Access:Acceso restringido

MARC

LEADER 00000nam a22000007a 4500
005 20170822232737.0
007 cr|||| ||||
008 170822s2012 mx |||||s||||f00||0 spa d
035 |a 20404 
040 |a vLex 
090 |c 6837  |d 6837 
100 1 |a Borrego Estrada, Felipe 
245 1 0 |a Avances en la implementacin̤ del juicio penal acusatorio  |h [Recurso electrn̤ico] /  |c Felipe Borrego Estrada 
256 |a Servicio en ln̕ea 
260 |a Ciudad de Mx̌ico:  |b Cm̀ara de Diputados,  |c 2012 
300 |a 1 recurso electrn̤ico (54 p.) 
506 1 |a Disponible solo en los productos indicados  |d vLex Global  |d vLex Global (Academic Edition, excluding Law Schools)  |d vLex Global (U.S. Academic Edition, Law Schools)  |d vLex Global (U.S. Academic Edition, excluding Law Schools)  |d vLex Global (Academic Edition, Law Schools) 
650 0 4 |a Derecho Penal  |z Mx̌ico 
650 0 4 |a Derecho Procesal  |z Mx̌ico 
740 0 |a vLex Libros (Servicio en ln̕ea) 
856 4 0 |u http://vlex.com/source/avances-implementacion-juicio-penal-acusatorio-20404  |z Acceso restringido 
942 |c BOOK 
999 0 |a Criminal Law 
999 0 |a Procedural Law